00923cam a2200265 a 4500008004100000020002900041020002800070245011500098260003200213300005300245336002600298337002800324338002700352500002000379504004100399650003000440650002300470650003500493650002800528700001900556710005500575003000100630005001700631040000900648  a9780415501088 (paperbag) a9781849712125 (hardbag)04aThe economics of ecosystems and biodiversity :becological and economic foundations /cedited by Pushpam Kumar aLondon :bEarthscan,cc2010 axxxix, 410 pages :billustrations, maps ;c26 cm atextbtxt2rdacontent aunmediatedbn2rdamedia avolumebnc2rdacarrier aIncludes index. aIncludes bibliographical references  0aEcologyxEconomic aspects 0aEcosystem services 0aBiodiversityxEconomic aspects 0aEnvironmental economics1 aKumar, Pushpam2 aEconomics of Ecosystems and Biodiversity (Project)20230123122311.0 cNUST